00895nam a2200217 a 450000100100000000500170001000800410002704000250006808200150009310000280010824501010013626000900023730000260032749000400035350000500039370000420044383000470048504900090053295201190054199900170066000002275520200930021758.0101117s1962 ve r 000 0 spa d aDO-SdBNPbspacBNPHU axxxbB689T1 aTejera, Humberto94675510aBolivar :bguía democrático de América /cHumberto Tejera ; prólogo José Nucete-Sardi. aCaracas :bMinisterio de Educación :bDirección de Cultura y Bellas Artes,c1962. axiv, 173 p. ;c17 cm.1 aBiblioteca popular venezolana ;v89 aIncluye bibliografía sobre Simón Bolivar.1 aNucete-Sardi, José,epról.946756 0aBiblioteca popular venezolana ;n89946757 aBNGR 001054708MOaGRbGRcCTd2010-11-17iLF1l0oxxx B689Tp22755-10r2020-06-25w2020-06-25y4ZPréstamo en sala c22252d22252